Recent trends, characteristics and prospects of payment cards in the Slovak Republic from the perspective of clients
Guardado en:
| Autor principal: | |
|---|---|
| Otros Autores: | , , |
| Formato: | Capítulo de libro |
| Lenguaje: | inglés |
| Etiquetas: |
Sin Etiquetas, Sea el primero en etiquetar este registro!
|
MARC
| LEADER | 00000naa$a2200000$$$4500 | ||
|---|---|---|---|
| 001 | 0220579 | ||
| 005 | 20240502083547.8 | ||
| 041 | 0 | |a eng | |
| 044 | |a CZ | ||
| 245 | 1 | 0 | |a Recent trends, characteristics and prospects of payment cards in the Slovak Republic from the perspective of clients |c Anton Korauš, Dana Kiseľáková, Valér Demjan, Ľuboš Cibák |
| 100 | 1 | |a Korauš, Antonín | |
| 700 | 1 | |a Kiseľáková, Dana | |
| 700 | 1 | |a Demjan, Valér | |
| 700 | 1 | |a Cibák, Ľuboš | |